US State Capitol Buildings - Statistics

General Stats
  • This quiz has been taken 29 times
  • The average score is 29 of 50
Answer Stats
Picture Answer % Correct
Hawaii
91%
Alaska
86%
New Mexico
86%
New York
86%
Wisconsin
86%
North Dakota
82%
Vermont
77%
Alabama
73%
Delaware
73%
Florida
73%
Nebraska
73%
Texas
73%
California
68%
Louisiana
68%
Oregon
68%
Virginia
68%
Arizona
64%
Massachusetts
64%
Washington
64%
Arkansas
59%
Iowa
59%
Maryland
59%
Ohio
59%
Tennessee
59%
West Virginia
59%
Connecticut
55%
Indiana
55%
Georgia
50%
Maine
50%
Minnesota
50%
New Hampshire
50%
Pennsylvania
50%
Rhode Island
50%
Wyoming
50%
Illinois
45%
Kansas
45%
Montana
45%
New Jersey
45%
South Dakota
45%
Colorado
41%
Idaho
41%
Kentucky
41%
Mississippi
41%
Missouri
41%
Nevada
41%
North Carolina
41%
Oklahoma
41%
South Carolina
41%
Utah
41%
Michigan
36%
No matching quizzes found
Score Distribution
Percent of People with Each Score
Percentile by Number Answered
Your Score History
You have not taken this quiz